000 00289nam a22001337a 4500
008 170424b xxu||||| |||| 00| 0 eng d
020 _a9780716743835
041 _aeng
080 _25TH
_a577
100 _a12
101 _aSHM
245 _aBIOCHEMISTRY
_cGUMPORT, R.I
942 _2udc
_cBK
999 _c11673
_d11673